000 00874cab a2200205 4500
001 ##L132106
008 060110n2006 000 0 eng u
035 _a(Sirsi) u132106
041 0 _aeng
100 1 _aJohnston, Bill
245 0 0 _aCollaboration is the key!
260 _c2006
490 0 _aBuilding Engineer
_v81(1) January 2006, 16-17(2)
520 _aDiscusses the changes to parts F and L of the Building Regulations, due to take effect in April 2006, and illustrates how designers, specifiers, builders and product manufacturers will have to work closely together to prevent errors in design, building and product provision.
590 _aIKA170106
650 2 4 _aBUILDING REGULATIONS 2000 APPROVED DOCUMENT F (2005 EDITION)
650 2 4 _aBUILDING REGULATIONS 2000 APPROVED DOCUMENT L2 (2002 EDITION)
690 _aBuilding regulations
_96224
942 _n0
999 _c76327
_d76327